Dinosauri e Rettili Preistorici - Statistics

Statistiche generali
  • Questo quiz è stato fatto 192 volte
  • Il punteggio medio è 10 su 16
Statistiche sulle risposte
con Immagini Risposta % Corretto
T-rex / Tirannosauro
100%
Velociraptor
97%
Triceratopo
96%
Stegosauro
92%
Spinosauro
80%
Apatosauro / Brontosauro
72%
Brachiosauro
68%
Carnotauro
64%
Anchilosauro / Euplocefalo
54%
Dilofosauro
44%
Parasaurolofo
44%
Dimetrodonte
42%
Baryonyx
34%
Oviraptor
34%
Kentrosauro
22%
Pachirinosauro
18%
Nessun quiz corrispondente trovato
Distribuzione punteggi
Percentuale di utenti per punteggio
Percentile per numero di risposta
I tuoi punteggi nel tempo
Non hai fatto questo quiz